000 00786nam a2200181Ia 4500
008 100920s9999 xx 000 0 und d
082 _b83522
_a24 न 03
100 _aझारी विजयदेव,आफरीदी नफीस.
245 _aमुस्लिम परिवेश की विशिष्ट कहानियाँ.
260 _bलिट्रेसी हाऊस, नई दिल्ली.
_c2003
300 _a176
_bसाधी
365 _b200
520 _aसायो.
630 _aमुस्लिम परिवेश की विशिष्ट कहानियाँ.
650 _aसायो.
730 _aमुस्लिम परिवेश की विशिष्ट कहानियाँ.
942 _cBOOK
999 _c724147
_d724144